000 00842nam a2200253 4500
001 178786
003 ES-MaACL
005 20250822052420.0
008 110628s2010 sp aco |||| |dspa d
020 _a978-84-936321-9-9
080 _a027.1
100 1 _aMarchamalo, Jesús.
_9147270
245 1 0 _aTocar los libros /
_cJesús Marchamalo ; prólogo de Luis Mateo Díez.
260 _aMadrid :
_bFórcola,
_c[2010]
300 _a78 p. :
_bil., fot. ;
_c18 cm.
490 1 _aSingladuras ;
_v2
650 7 _aBibliotecas privadas.
_9147271
650 7 _aLibros y lectura
_2embne
_9142519
700 1 _aDíez, Luis Mateo,
_d1942-
_944658
830 0 _aSingladuras ;
_v2
_9193547
852 _aES-MaACL
_jA-11310
_9185647
_bR.146819
_cDEPO1
_dOlim: N-4314
942 _2udc
_cMONOGRAFIA
999 _c178786
_d178786